000 00743nam a2200277Ia 4500
003 OSt
005 20221006153312.0
006 a|||||r|||| 00| 0
007 ta
008 221006b |||||||| |||| 00| 0 kor d
020 _cW 10,000
024 _a31,936
037 _bGift, Korean Embassy
_cTextual
040 _aEASL
_cEASL
_bkor
041 _2kor
_akor
082 _aO495,3M, P2
100 _aHUNG Hye-Weon Au.
_9663369
245 0 _aLee Kwang Soo soseol-ui iyagiwa damron
260 _aSeoul
_bEwha Press Korea
_c2002
300 _a278p.
_ccm.
490 _v KL
650 _a KL
650 _aNovel
942 _hO495,3M, P2
_cTEXL
_2CC
999 _c1100022
_d1100022